Nerazrušajuščij kontroľ kačestva svarnych konstrukcij

Enregistré dans:
Détails bibliographiques
Format: Livre
Langue:russe
Publié: Kijev : Technika, 1986
Sujets:
Tags: Ajouter un tag
Pas de tags, Soyez le premier à ajouter un tag!

MARC

LEADER 00000nam a22000003a 4500
001 stu39801
005 20141122050720.0
008 920309s1986----xxr-----------------rus-d
040 |a STU  |b slo 
041 0 |a rus 
044 |a xxr 
080 |a 621.791 
080 |a 620.179 
245 |a Nerazrušajuščij kontroľ kačestva svarnych konstrukcij 
260 |a Kijev :  |b Technika,  |c 1986 
300 |a 158 s 
650 7 |a zváranie  |2 stusub 
650 7 |a metódy skúšobné  |2 stusub 
996 |b 284M061713  |c M*1788-1  |l MMKN  |s A  |a 24  |w stu39801_0001